00729cam a2200205 a 450000100070000000500170000700800410002402000170006504000180008208200200010010000240012024500700014425000090021426000510022330000170027450001130029165000260040470000270043085600660045759857520240220072352.0910711s1992 enk j b 001 0 eng  a019285254X : aDLCcDLCdDLC00a320.5220bGRE. aEbenstein, William.00aGreat political thinkers :cOxford & IBH Publishing co. PVT. LTD. a3rd. aOxford ;aNew York :bOxford University Press, axii, 978 p., a"Composite volume ... each section was first published separately in the 'Past masters' series"--T.p. verso. 1aPolitical scientists.1 aSkinner, Quentin.eedt42uhttp://www.loc.gov/catdir/enhancements/fy0724/91027678-b.html